| 000 | 00488cam a2200181ua 4500 | ||
|---|---|---|---|
| 020 |
_a0-7235-7090-6 _c80.00 |
||
| 041 |
_aeng _h |
||
| 082 |
_a030.004 _bWIC/CH |
||
| 100 | _aWicks, Kieth . | ||
| 245 |
_aChildren`s first computer encyclopaedia / _cKeith Wicks. _hTextual Documents |
||
| 250 |
_a1 / _b. |
||
| 260 |
_aManchester : _bWorld international publishing limited , _c1985. |
||
| 300 | _a62 ; . | ||
| 365 | _a80.00 | ||
| 504 | _a | ||
| 942 | _cBK | ||
| 999 |
_c12329 _d12329 |
||